| Tag |
First Indicator |
Second Indicator |
Subfields |
| LEADER |
00000cam a22000004a 4500 |
| 001 |
in00001546621 |
| 005 |
20151022054318.0 |
| 008 |
991210s2000 maua b 001 0 eng |
| 010 |
|
|
|a 99089910
|
| 020 |
|
|
|a 0201702797
|
| 035 |
|
|
|a (OCoLC)ocm43036945
|
| 040 |
|
|
|a DLC
|c DLC
|d C#P
|d UtOrBLW
|
| 042 |
|
|
|a pcc
|
| 049 |
|
|
|a TXAM
|
| 050 |
0 |
0 |
|a QA76.73.C15
|b M853 2000
|
| 082 |
0 |
0 |
|a 005.13/3
|2 21
|
| 100 |
1 |
|
|a Müldner, Tomasz.
|
| 245 |
1 |
0 |
|a C for Java programmers /
|c Tomasz Müldner.
|
| 264 |
|
1 |
|a Reading, Mass. :
|b Addison Wesley Longman,
|c [2000]
|
| 264 |
|
4 |
|c ©2000
|
| 300 |
|
|
|a 1 volume (various pagings) :
|b illustrations ;
|c 23 cm.
|
| 336 |
|
|
|a text
|b txt
|2 rdacontent
|
| 337 |
|
|
|a unmediated
|b n
|2 rdamedia
|
| 338 |
|
|
|a volume
|b nc
|2 rdacarrier
|
| 504 |
|
|
|a Includes bibliographical references and index.
|
| 650 |
|
0 |
|a C (Computer program language)
|
| 945 |
|
|
|i promptcat
|
| 949 |
|
|
|l A14825506670
|
| 994 |
|
|
|a 92
|b TXA
|
| 948 |
|
|
|a cataloged
|b h
|c 2000/6/6
|d c
|e jmspeck
|f 1:30:34 pm
|
| 999 |
|
|
|a MARS
|
| 999 |
f |
f |
|s 92cb8e6c-78b9-39ac-8c72-494b968ddb2a
|i 105f8386-b022-3b89-926e-0c11de7388b5
|t 0
|
| 952 |
f |
f |
|p normal
|a Texas A&M University
|b College Station
|c Sterling C. Evans Library
|d Evans: Library Stacks
|t 0
|e QA76.73.C15 M853 2000
|h Library of Congress classification
|i unmediated -- volume
|m A14825506670
|
| 998 |
f |
f |
|a QA76.73.C15 M853 2000
|t 0
|l Evans: Library Stacks
|